000 00768nam a22002175i 4500
001 170207
003 ES-MaACL
005 20250302001306.0
008 090211s1919 fr |||| | fre d
080 _a782.1
100 1 _aDétroyat, Léonce.
_9138116
245 1 0 _aHenry VIII
_b: opéra en quatre actes et cinq tableaux /
_cpar Leonce Detroyat & Armand Silvestre ; musique de Camille Saint-Saëns.
250 _a14eme. ed.
260 _aParis :
_bP.- V. Stock,
_c1919.
300 _a49 p. ;
_c18 cm.
650 1 4 _aÓperas-
_vLibretos.
_9137584
700 1 _aSilvestre, Armand.
_9106436
700 0 _aSaint-Saëns, Camille,
_d1835-1921
_9101553
852 _aES-MaACL
_j2247-F-20
_9R.140987
_z.- Biblioteca Jacinto Martínez Lacalle
999 _c170207
_d170207